000 00755nam a22002417a 4500
005 20170124110019.0
010 _aB-030304
020 _c37.00
_a8123717830
035 _aB-030304
037 _bCen Lib/Ret
040 _aDPL
_bEN
082 _a612.82
_bRAJ
100 _aRajadhyaksha, Medha S.
_919264
245 _aThe memory mystery /
_cby Medha S.Rajadhyaksha ; illustrated by A.D.Ghaisas [and] H.C.Karekar
260 _aNew Delhi
_bNational Book Trust
_c1996
270 _aA-5, Green Park
_bNew Delhi
_e110006
300 _axvi,89p. :
_c18cm(Hb)
_bill.
650 _aMemory.
_987493
650 _aMemory structure
_987494
700 _aGhaisas, A.D.
_919266
700 _aKarekar, H.C.
_919267
942 _2ddc
_cEN
_h612.82
_mRAJ
999 _c127057
_d127057